Statistics for Atlanta suburbs

Click here to take the quiz!

General Stats

  • This quiz has been taken 100 times
    (98 since last reset)
  • The average score is 8 of 33

Answer Stats

Answer% Correct
Marietta
73%
Decatur
68%
Sandy Springs
67%
Dunwoody
49%
Smyrna
49%
College Park
48%
Roswell
48%
Brookhaven
38%
East Point
35%
Chamblee
32%
Atlanta
31%
Stone Mountain
31%
Vinings
31%
Tucker
26%
Mableton
25%
Doraville
25%
Austell
22%
Hapeville
19%
Druid Hills
17%
Riverdale
14%
Forest Park
14%
Union City
12%
Clarkston
11%
Scottdale
9%
Panthersville
7%
Conley
4%
Belvedere
2%
Gresham Park
2%
Fair Oaks
2%
North Decatur
2%
South Decatur
1%
Pendley Hills
0%
Dunaire
0%

Score Distribution

Percentile by Number Answered

Percent of People with Each Score

Your Score History

You have not taken this quiz since the last reset